000 00497nam a2200181Ia 4500
003 GCL
008 140319s9999 xx 000 0 eng d
040 _aGCL /
_cGCL
082 0 4 _a621.3803
_bS M
100 1 _aSCLATER, NEIL
245 1 0 _aMC GRAW - HILL ELECTRONICS DICTIONARY /
_cSCLATER, NEIL
700 1 _aMARKUS, JOHN
260 _a[S.N] :
_bMC GRAW - HILL ،
_c1997
300 _a527 P
650 0 4 _aالادب السويسرى
650 0 4 _aELECTRONICS - DICTIONARIES
942 _2ddc
_cBK
999 _c15883
_d15883